书目信息 |
| 题名: |
量子力学习题解答
|
|
| 作者: | 北京大学 编 | |
| 分册: | ||
| 出版信息: | 南京 江西省抚州专科学校 1983.1 |
|
| 页数: | 页 | |
| 开本: | 20cm | |
| 丛书名: | ||
| 单 册: | ||
| 中图分类: | O413.1-44 | |
| 科图分类: | ||
| 主题词: | 理论物理学 | |
| 电子资源: | ||
| ISBN: | ||
| 000 | 00534nam0 2200193 45 | |
| 001 | 0312221749 | |
| 005 | 20031222171116.2 | |
| 010 | @dCNY4.15 | |
| 100 | @a20031222d1983 km y0chiy0120 ea | |
| 101 | @achi | |
| 105 | @a z 000yy | |
| 200 | 1 | @a量子力学习题解答@ALiang Zi Li Xue Xi Ti Jie Da@f北京大学编@FBei Jing Da Xue Bian |
| 210 | @a南京@c江西省抚州专科学校@d1983.1 | |
| 215 | @a页@d20cm | |
| 606 | 0 | @a理论物理学 |
| 690 | @aO413.1-44@v3 | |
| 701 | 0 | @a北京大学@4编 |
| 801 | @aCN@bTSTCL@c20031222 | |
| 905 | @a213230@dO413.1-44@e3 | |
| 量子力学习题解答/北京大学编.-南京:江西省抚州专科学校,1983.1 |
| 页;20cm |
| ISBN :CNY4.15 |
| ● |
| 相关链接 |
|
|
|
|
正题名:量子力学习题解答
索取号:O413.1-44/3
 
预约/预借
| 序号 | 登录号 | 条形码 | 馆藏地/架位号 | 状态 | 备注 |
| 1 | 0079659 | 202096034 | 第二样本阅览室/ [索取号:O413.1-44/3] | 在馆 |